[Event "Superliga w Szachach Szybkich"]
[Site "Wroclaw, Katowice, Krakow, Poznan"]
[Date "2023-10-17"]
[Round "13.7"]
[White "Gumularz, Szymon"]
[Black "Klekowski, Maciej"]
[Result "1/2-1/2"]
[WhiteTitle "GM"]
[BlackTitle "GM"]
[WhiteElo "2553"]
[BlackElo "2405"]

1. e4 2. c5 3. Nf3 4. e6 5. d4 6. cxd4 7. Nxd4 8. Nc6 9. Nc3 10. a6 11. Be2 12.
Qc7 13. Nxc6 14. bxc6 15. Qd3 16. d5 17. Qg3 18. Qxg3 19. hxg3 20. Nf6 21. g4
22. Nxe4 23. Nxe4 24. dxe4 25. Be3 26. c5 27. O-O-O 28. Bb7 29. g5 30. Rd8 31.
Rxd8+ 32. Kxd8 33. g6 34. fxg6 35. Rd1+ 36. Ke8 37. Bc4 38. Bc8 39. c3 40. Be7
41. a3 42. h5 43. b4 44. cxb4 45. axb4 46. Kf7 47. Kc2 48. g5 49. Ra1 50. h4 51.
Bxa6 52. Bxa6 53. Rxa6 54. g4 55. Ra1 56. Bd6 57. b5 58. h3 59. g3 60. Rc8 61.
Bd4 62. e5 63. Be3 64. Bb4 65. c4 66. Rxc4+ 67. Kb3 68. Bc3 69. Rc1 70. Bd2 71.
Rxc4 72. h2 73. Bxd2 74. h1=Q 75. Rc1 76. Qf3+ 77. Be3 78. Qe2 79. Kb4 80. Ke6
81. Rc3 82. Qb2+ 83. Rb3 84. Qc2 85. b6 86. Qc8 87. Rc3 88. Qf8+ 89. Kb3 90. Qa8
91. Kb2 92. Qa6 93. Rb3 94. Qe2+ 95. Ka3 96. Qa6+ 97. Kb4 98. Kd5 99. Rc3 100.
Kd6 101. Ra3 102. Qe2 103. Rc3 104. Qb2+ 105. Rb3 106. Qe2 107. b7 108. Kc7 109.
Kc3 110. Qd3+ 111. Kb2 112. Qe2+ 113. Ka1 114. Qd1+ 115. Ka2 116. Qe2+ 117. Ka1
118. Qd1+ 119. Ka2 120. Qe2+ 121. Ka1 122. Qd1+ 123. Ka2 124. Qe2+ 125. Ka3 126.
Qa6+ 127. Kb2 128. Qe2+ 129. Kc3 130. Qd3+ 131. Kb4 132. Qa6 133. Kc5 134. Qc6+
135. Kb4 136. Qxb7+ 137. Kc3 138. Qa6 139. Kb2 140. Qe2+ 141. Ka3 142. Qc2 143.
Rb2 144. Qc3+ 145. Ka2 146. Qa5+ 147. Kb1 148. Kc6 149. Rc2+ 150. Kd5 151. Kb2
152. Qb4+ 153. Ka2 154. Qb5 155. Rc3 156. Qe2+ 157. Kb1 158. Qb5+ 1/2-1/2

[Event "Superliga w Szachach Szybkich"]
[Site "Wroclaw, Katowice, Krakow, Poznan"]
[Date "2023-10-17"]
[Round "13.8"]
[White "Antolak, Julia"]
[Black "Zawadzka, Jolanta"]
[Result "1-0"]
[WhiteTitle "WGM"]
[BlackTitle "WGM"]
[WhiteElo "2192"]
[BlackElo "2258"]

1. e4 2. c5 3. Nf3 4. e6 5. d4 6. cxd4 7. Nxd4 8. a6 9. c4 10. Nf6 11. Nc3 12.
Bb4 13. Qd3 14. d6 15. Bd2 16. O-O 17. Be2 18. Nbd7 19. f3 20. Qc7 21. a3 22.
Ne5 23. Qc2 24. Bc5 25. Nb3 26. Ba7 27. Nd1 28. d5 29. exd5 30. exd5 31. c5 32.
Re8 33. O-O 34. Neg4 35. fxg4 36. Rxe2 37. Qd3 38. Nxg4 39. Bf4 40. Bxc5+ 41.
Kh1 42. Nf2+ 43. Nxf2 44. Qxf4 45. Qxe2 46. Bf8 47. Nd3 48. Qc4 49. Nd2 50. Qb5
51. Qf3 52. Be6 53. Nf4 54. Qd7 55. Nxe6 56. fxe6 57. Rae1 58. Re8 59. Qg4 60.
h6 61. Nf3 62. Bd6 63. Ne5 64. Qb5 65. Nf7 66. Bc5 67. Nxh6+ 68. Kh7 69. Nf7 70.
Qxb2 71. Qh5+ 1-0

[Event "Superliga w Szachach Szybkich"]
[Site "Wroclaw, Katowice, Krakow, Poznan"]
[Date "2023-10-17"]
[Round "13.9"]
[White "Dragun, Kamil"]
[Black "Raczek, Krzysztof"]
[Result "1-0"]
[WhiteTitle "GM"]
[BlackTitle "FM"]
[WhiteElo "2553"]
[BlackElo "2317"]

1. d4 2. Nf6 3. c4 4. e5 5. dxe5 6. Ng4 7. e4 8. Nxe5 9. Nc3 10. Bc5 11. Be2 12.
d6 13. Na4 14. Qe7 15. Nxc5 16. dxc5 17. Nf3 18. Nbc6 19. Nxe5 20. Qxe5 21. Qd5
22. Be6 23. Qxe5 24. Nxe5 25. Bf4 26. f6 27. Bxe5 28. fxe5 29. Rd1 30. Ke7 31.
Kd2 32. Rhd8+ 33. Ke3 34. Rd4 35. b3 36. a5 37. a4 38. Ra6 39. Rd3 40. Bf7 41.
h4 42. Bg6 43. f3 44. Rb6 45. Rc3 46. Rbd6 47. Bd3 48. Be8 49. g3 50. Rg6 51.
Rg1 52. Bc6 53. Rcc1 54. Rgd6 55. Rc3 56. Rg6 57. Bc2 58. Be8 59. Rd3 60. Rf6
61. f4 62. Bh5 63. Rc3 64. Bg4 65. Bd3 66. h5 67. Rf1 68. Rf8 69. Rf2 70. Rf6
71. Bc2 72. Re6 73. Bd3 74. Rf6 75. Rc1 76. Rf8 77. Bc2 78. Rf7 79. Rcf1 80. Bh3
81. Re1 82. Bg4 83. Rc1 84. Rf8 85. Re1 86. b6 87. Ref1 88. Bh3 89. Rd1 90. Bg4
91. Rdd2 92. Rfd8 93. Bd3 94. R8d7 95. fxe5 96. Ke6 97. Rf8 98. Kxe5 99. Re8+
100. Be6 101. Rd1 102. Rd8 103. Re7 104. R4d7 105. Rxd7 106. Rxd7 107. Be2 108.
g6 109. Rf1 110. Rf7 111. Rf4 112. Rf6 113. Bd3 114. Rf7 115. Be2 116. Rd7 117.
Rf8 118. Rg7 119. Re8 120. g5 121. Bxh5 122. gxh4 123. gxh4 124. Kd6 125. Kf4
126. Rh7 127. e5+ 128. Kd7 129. Rxe6 130. Kxe6 131. Bg4+ 132. Ke7 133. h5 134.
Rh8 135. Be2 136. Kf7 137. Bg4 138. Kg7 139. Kg5 140. Rg8 141. h6+ 142. Kf7+ 143.
Kh5 144. Ke7 145. h7 146. Rh8 147. Kg6 148. Kf8 149. Be6 150. Ke7 151. Bg8 152.
Kf8 153. e6 154. Ke7 155. Kg7 156. Rxh7+ 157. Kxh7 158. c6 159. Kg6 160. b5 161.
Kf5 1-0

[Event "Superliga w Szachach Szybkich"]
[Site "Wroclaw, Katowice, Krakow, Poznan"]
[Date "2023-10-17"]
[Round "13.10"]
[White "Turski, Bartlomiej"]
[Black "Krasenkow, Michal"]
[Result "1-0"]
[WhiteTitle "FM"]
[BlackTitle "GM"]
[WhiteElo "2253"]
[BlackElo "2453"]

1. e4 2. g6 3. d4 4. Bg7 5. Nc3 6. c6 7. Be3 8. d5 9. e5 10. f6 11. f4 12. Nh6
13. h3 14. O-O 15. Nf3 16. Nf5 17. Bf2 18. fxe5 19. dxe5 20. e6 21. g4 22. Ne7
23. Qd2 24. b6 25. h4 26. c5 27. O-O-O 28. d4 29. Bc4 30. Nbc6 31. Ne4 32. Na5
33. Bb3 34. Nd5 35. Bg3 36. Ne3 37. Rde1 38. Nxg4 39. Nd6 40. Nxb3+ 41. axb3 42.
Nxe5 43. Nxe5 44. Qxd6 45. h5 46. g5 47. h6 48. Bxe5 49. Rxe5 50. Rf5 51. Rhe1
52. Bd7 53. fxg5 54. Qc6 55. g6 56. hxg6 57. h7+ 58. Kf7 59. Rxf5+ 60. exf5 61.
Be5 62. Qf3 63. Qh6 64. Qh5 65. Qg7+ 1-0

[Event "Superliga w Szachach Szybkich"]
[Site "Wroclaw, Katowice, Krakow, Poznan"]
[Date "2023-10-17"]
[Round "13.11"]
[White "Kanarek, Marcel"]
[Black "Fiedorek, Michal"]
[Result "1-0"]
[WhiteTitle "GM"]
[BlackTitle "FM"]
[WhiteElo "2400"]
[BlackElo "2067"]

1. e4 2. c5 3. Nf3 4. d6 5. d4 6. cxd4 7. Nxd4 8. Nf6 9. Nc3 10. Nc6 11. Bg5 12.
e6 13. Qd2 14. a6 15. Nxc6 16. bxc6 17. O-O-O 18. Qa5 19. Bxf6 20. gxf6 21. Bc4
22. h5 23. Kb1 24. Rb8 25. Bb3 26. Bd7 27. f4 28. Rg8 29. Nd5 30. Qd8 31. Ne3
32. Qc7 33. Rhe1 34. c5 35. Nc4 36. Bb5 37. f5 38. Bxc4 39. Bxc4 40. Qb6 41. b3
42. e5 43. a4 44. a5 45. Bb5+ 46. Ke7 47. Qe2 48. h4 49. Rd3 50. Bh6 51. Red1
52. Rbd8 53. Bc4 54. Bg5 55. Qh5 56. Rg7 57. Kb2 58. Qb8 59. Qe2 60. Bf4 61. Rh3
62. Bg5 63. Bd5 64. Qb6 65. Qd3 66. Rd7 67. Bc4 68. Rd8 69. Qd5 70. Rd7 71. g3
72. hxg3 73. Rxg3 74. Qb7 75. Qd3 76. Rh7 77. h3 78. Rd8 79. Rdg1 80. Rh5 81.
Bd5 82. Qb6 83. R1g2 84. Rdh8 85. Bc4 86. Qb7 87. Rg1 88. Qc6 89. Bd5 90. Qb6
91. Rd1 92. Rd8 93. Qb5 94. Rb8 95. Qc4 96. Rf8 97. Rdd3 98. Qb4 99. Qa6 100.
Rd8 101. c3 102. Qb8 103. Qxa5 104. Rd7 105. Qb5 106. Qa7 107. Qc4 108. Kf8 109.
Bc6 110. Rd8 111. Bb5 112. Qb6 113. Rg2 114. Ke7 115. Qd5 116. Kf8 117. Qc6 118.
Qb8 119. a5 120. Ke7 121. a6 122. Qa7 123. Rxd6 124. Rxd6 125. Qe8# 1-0

[Event "Superliga w Szachach Szybkich"]
[Site "Wroclaw, Katowice, Krakow, Poznan"]
[Date "2023-10-17"]
[Round "13.12"]
[White "Kiolbasa, Oliwia"]
[Black "Zawadzka, Beata"]
[Result "1/2-1/2"]
[WhiteTitle "IM"]
[BlackTitle "WGM"]
[WhiteElo "2321"]
[BlackElo "2211"]

1. e4 2. c5 3. Nf3 4. d6 5. d4 6. cxd4 7. Nxd4 8. Nf6 9. Nc3 10. a6 11. h3 12.
e6 13. g4 14. Be7 15. g5 16. Nfd7 17. Be3 18. Qc7 19. h4 20. b5 21. a3 22. Bb7
23. f4 24. Nc6 25. Nxc6 26. Bxc6 27. Qd2 28. Nb6 29. Qd4 30. Rb8 31. Qxg7 32.
Rf8 33. Qxh7 34. d5 35. g6 36. fxg6 37. Qxg6+ 38. Kd7 39. exd5 40. Nxd5 41. Nxd5
42. Bxd5 43. O-O-O 44. Rf6 45. Qg4 46. Ke8 47. Bg2 48. Rc8 49. Rd2 50. Bxg2 51.
Qxg2 52. b4 53. Qg8+ 54. Rf8 55. Qg6+ 56. Rf7 57. a4 58. b3 59. Rg1 60. Qc4 61.
c3 62. Qxa4 63. h5 64. Qa1+ 65. Qb1 66. Rxc3+ 67. bxc3 68. Qxc3+ 69. Kd1 70. Qxe3
71. Rg8+ 72. Bf8 73. Qd3 74. Qxd3 75. Rxd3 76. Rxf4 77. Rxb3 78. Kd7 79. Rd3+
80. Bd6 81. Rg7+ 82. Kc6 83. h6 84. Rh4 85. h7 86. Be5 87. Re7 88. Bh8 89. Rd8
90. Bb2 91. Rb8 92. Ba1 93. Rxe6+ 94. Kc7 95. Ra8 96. Kb7 97. Rexa6 98. Bd4 99.
Ra4 100. Rxh7 101. Rd8 102. Bb6 103. Rd6 104. Bc7 105. Rg6 106. Rh1+ 107. Kc2
108. Rh2+ 109. Kd3 110. Rh3+ 111. Ke2 112. Rg3 113. Rb4+ 114. Kc8 115. Rf6 116.
Rg7 117. Rc4 118. Kb7 119. Kd3 120. Bd8 121. Rd6 122. Bc7 123. Rb4+ 124. Kc8 125.
Re6 126. Kd7 127. Ree4 128. Kc8 129. Rbc4 130. Kb7 131. Kc3 132. Kc8 133. Kb4
134. Kb7 135. Red4 136. Rh7 137. Rd5 138. Rg7 139. Rb5+ 140. Kc8 141. Rh4 142.
Rf7 143. Rhh5 144. Kd7 145. Rbd5+ 146. Kc8 147. Kb5 148. Kb7 149. Rh6 150. Rg7
151. Re6 152. Rh7 153. Rc5 154. Rg7 155. Kc4 156. Rg4+ 157. Kd3 158. Rg3+ 159.
Ke4 160. Rg7 161. Rb5+ 162. Kc8 163. Kf5 164. Rf7+ 165. Kg6 166. Rf1 167. Re7
168. Kd8 169. Rh7 170. Rg1+ 171. Kf5 172. Rf1+ 173. Ke4 174. Re1+ 175. Kd3 176.
Rc1 177. Kd2 178. Rc6 179. Ke3 180. Rc1 181. Kd2 182. Rc6 183. Kd3 184. Rc1 185.
Kd4 186. Rc2 187. Kd5 188. Rc1 189. Rb3 190. Rc2 191. Rf3 192. Kc8 193. Rb3 194.
Rc1 195. Rh8+ 196. Kd7 197. Rd3 198. Rc2 199. Ra8 200. Rc1 201. Rd2 202. Rc3 203.
Ra1 204. Kc8 205. Rb1 206. Kd7 207. Kd4 208. Rc6 209. Rg2 210. Kc8 211. Rg8+ 212.
Kd7 213. Rh1 214. Rc2 215. Rh7+ 216. Kc6 217. Kd3 218. Rc1 219. Kd2 220. Rc5 221.
Ke3 222. Kb7 223. Kd4 224. Rc1 225. Rg2 226. Rc6 227. Kd5 228. Rd6+ 229. Kc5 230.
Rc6+ 231. Kd4 232. Rd6+ 233. Ke4 234. Re6+ 235. Kf5 236. Re5+ 237. Kf6 238. Rc5
239. Rb2+ 240. Kc6 241. Kf7 242. Rf5+ 243. Ke8 244. Re5+ 245. Re7 246. Rxe7+ 247.
Kxe7 248. Bb6 249. Ke6 250. Bc7 251. Rc2+ 252. Kb7 253. Kd7 254. Bf4 255. Rc3
256. Be5 257. Rb3+ 258. Ka7 259. Kc6 260. Bf4 261. Ra3+ 262. Kb8 263. Rf3 264.
Bh2 265. Rf1 266. Be5 267. Rb1+ 268. Ka8 269. Rd1 270. Bf4 271. Rd3 272. Be5 273.
Kb6 274. Bh2 275. Rd1 276. Bg3 277. Rd2 278. Bf4 279. Re2 280. Bg3 281. Ra2+ 282.
Kb8 283. Rg2 284. Bc7+ 285. Kc6 286. Bf4 287. Rg7 288. Be5 289. Rb7+ 290. Ka8
291. Rd7 292. Bf4 293. Re7 294. Bg3 295. Rf7 296. Bh2 297. Rf8+ 298. Bb8 299.
Rh8 300. Ka7 301. Rh5 302. Bg3 303. Ra5+ 304. Kb8 305. Rb5+ 306. Ka8 307. Rb2
308. Bf4 309. Rb3 310. Bh2 311. Rh3 312. Bf4 313. Rh7 314. Bg3 315. Rf7 316. Bh2
317. Rf8+ 318. Bb8 319. Kb6 1/2-1/2

[Event "Superliga w Szachach Szybkich"]
[Site "Wroclaw, Katowice, Krakow, Poznan"]
[Date "2023-10-17"]
[Round "13.13"]
[White "Volokitin, Andrei"]
[Black "Pechac, Jergus"]
[Result "1-0"]
[WhiteTitle "GM"]
[BlackTitle "GM"]
[WhiteElo "2626"]
[BlackElo "2548"]

1. e4 2. e5 3. Nf3 4. Nc6 5. Bc4 6. Nf6 7. d3 8. Bc5 9. O-O 10. d6 11. c3 12. a5
13. Re1 14. Ba7 15. Na3 16. O-O 17. h3 18. h6 19. Nb5 20. Bb6 21. Be3 22. Bxe3
23. Rxe3 24. Re8 25. Qc2 26. Ne7 27. Qb3 28. Rf8 29. d4 30. d5 31. exd5 32. e4
33. Ne5 34. Nexd5 35. Bxd5 36. Nxd5 37. Rxe4 38. Bf5 39. Ree1 40. c6 41. Na3 42.
Nf4 43. Qxb7 44. Qg5 45. Qxc6 46. Bxh3 47. g3 48. Be6 49. Qf3 50. Nh3+ 51. Kh2
52. f6 53. Nc6 54. Bg4 55. Qd5+ 56. Qxd5 57. Ne7+ 58. Kh7 59. Nxd5 60. Nxf2 61.
Nf4 62. Rab8 63. Nc4 64. Rfc8 65. b3 66. Rxc4 67. bxc4 68. Rb2 69. Kg1 70. h5
71. Re7 72. Bf3 73. Re3 74. Bb7 75. Re2 76. Nh3+ 77. Kh2 78. Rxe2+ 79. Nxe2 80.
Ng5 81. d5 82. Ba6 83. d6 84. Nf3+ 85. Kg2 86. Ne5 87. Rd1 88. Bxc4 89. d7 90.
Nxd7 91. Rxd7 92. Bxe2 93. Ra7 94. Bd3 95. Rxa5 96. g5 97. a4 98. Kg6 99. Rc5
100. Kf7 101. a5 102. Ke6 103. a6 104. Kd6 105. Ra5 106. Kc7 107. a7 108. Be4+
109. Kf2 110. Ba8 111. Rf5 112. Kb6 113. Rxf6+ 114. Kxa7 115. Rf5 116. g4 117.
Rxh5 118. Kb6 119. Ke3 120. Bf3 1-0

[Event "Superliga w Szachach Szybkich"]
[Site "Wroclaw, Katowice, Krakow, Poznan"]
[Date "2023-10-17"]
[Round "13.14"]
[White "Leniart, Arkadiusz"]
[Black "Moranda, Wojciech"]
[Result "0-1"]
[WhiteTitle "GM"]
[BlackTitle "GM"]
[WhiteElo "2418"]
[BlackElo "2562"]

1. d4 2. Nf6 3. Bf4 4. d5 5. e3 6. Bf5 7. Nf3 8. e6 9. Bd3 10. Bxd3 11. cxd3 12.
c5 13. O-O 14. Nc6 15. Qb3 16. Qb6 17. Qxb6 18. axb6 19. Nc3 20. Be7 21. a3 22.
Kd7 23. Ne5+ 24. Nxe5 25. Bxe5 26. Rhc8 27. e4 28. cxd4 29. Bxd4 30. dxe4 31.
dxe4 32. Rc4 33. Rfd1 34. Ke8 35. Bxb6 36. Nxe4 37. Nxe4 38. Rxe4 39. Rac1 40.
Re2 41. Bd4 42. e5 43. Kf1 44. Re4 45. Bc3 46. f6 47. Be1 48. Rd8 49. Rxd8+ 50.
Bxd8 51. f3 52. Rd4 53. Ke2 54. Kd7 55. Bf2 56. Rd5 57. Rc3 58. b5 59. Rd3 60.
Kc6 61. b3 62. f5 63. g4 64. fxg4 65. fxg4 66. Rxd3 67. Kxd3 68. Kd5 69. a4 70.
e4+ 71. Ke2 72. bxa4 73. bxa4 74. Kc4 75. Be1 76. Bc7 77. h3 78. Bf4 79. Bd2 80.
g5 81. Be1 82. Kc5 83. Bd2 84. Kc4 85. Bxf4 0-1

[Event "Superliga w Szachach Szybkich"]
[Site "Wroclaw, Katowice, Krakow, Poznan"]
[Date "2023-10-17"]
[Round "13.15"]
[White "Kowalczyk, Pawel"]
[Black "Mikrut, Dariusz"]
[Result "0-1"]
[WhiteTitle "m"]
[BlackTitle "IM"]
[WhiteElo "2251"]
[BlackElo "2235"]

1. e4 2. e5 3. d4 4. exd4 5. c3 6. d3 7. Bxd3 8. Nc6 9. Bc4 10. Nf6 11. Nf3 12.
Nxe4 13. Bxf7+ 14. Kxf7 15. Qd5+ 16. Ke8 17. Qxe4+ 18. Qe7 19. Qxe7+ 20. Bxe7
21. Bf4 22. d6 23. O-O 24. Rf8 25. Bg3 26. Bg4 27. Nbd2 28. Kd7 29. h3 30. Bh5
31. Rfe1 32. Rae8 33. Bh2 34. h6 35. g4 36. Bg6 37. Bg3 38. Bh7 39. Kg2 40. Bd8
41. Rxe8 42. Rxe8 43. Re1 44. Rxe1 45. Nxe1 46. a5 47. f4 48. Bg8 49. a3 50. b5
51. Kf3 52. a4 53. Bf2 54. Bf6 55. h4 56. Bd5+ 57. Ke3 58. g6 59. g5 60. Bg7 61.
Kd3 62. Na5 63. Bd4 64. Bf8 65. Nc2 66. Nc4 67. Nxc4 68. Bxc4+ 69. Ke4 70. c5
71. Bf6 72. Ke6 73. Ne3 74. Ba2 75. Bh8 76. Bb1+ 77. Kf3 78. h5 79. c4 80. bxc4
81. Nxc4 82. d5 83. Ne3 84. Be4+ 85. Kg3 86. Bd6 87. Bf6 88. Bd3 89. Kf3 90. Bc7
91. Bg7 92. Be4+ 93. Kg3 94. Bd3 95. Kf3 96. d4 97. Nd1 98. Kf5 99. Bf8 100. Be4+
101. Kf2 102. Bc2 103. Ke1 104. Ba5+ 0-1

[Event "Superliga w Szachach Szybkich"]
[Site "Wroclaw, Katowice, Krakow, Poznan"]
[Date "2023-10-17"]
[Round "13.16"]
[White "Sliwicka, Alicja"]
[Black "Maltsevskaya, Aleksandra"]
[Result "0-1"]
[WhiteTitle "WIM"]
[BlackTitle "IM"]
[WhiteElo "2131"]
[BlackElo "2348"]

1. e4 2. e5 3. Nf3 4. Nc6 5. Bb5 6. a6 7. Ba4 8. Bc5 9. c3 10. Nge7 11. d4 12.
exd4 13. cxd4 14. Bb4+ 15. Bd2 16. Bxd2+ 17. Nbxd2 18. d5 19. exd5 20. Nxd5 21.
Bxc6+ 22. bxc6 23. O-O 24. O-O 25. Rc1 26. Nf4 27. Nc4 28. Be6 29. Qd2 30. Qf6
31. Nce5 32. Bd5 33. Ng4 34. Nh3+ 35. Kh1 36. Qxf3 37. Ne3 38. Qh5 39. Nxd5 40.
Qxd5 41. Rc5 42. Qe4 43. Qe3 44. Nxf2+ 45. Qxf2 46. Rad8 47. Re1 48. Qg6 49. Rce5
50. h6 51. Re7 52. Rd6 53. Rxc7 54. Rf6 55. Qd2 56. Qf5 57. h3 58. Qd5 59. Rce7
60. Qxa2 61. R7e5 62. Qb3 63. Qc3 64. Qb8 65. Qc2 66. Rd8 67. b3 68. Rfd6 69.
R5e3 70. Qc8 71. Rc3 72. Qd7 73. Rc1 74. Rc8 75. Qe2 76. a5 77. Qe5 78. Rxd4 79.
Qxa5 80. Rd5 81. Qb6 82. Qd6 83. Qf2 84. c5 85. Rf1 86. Rc7 87. Rf3 88. Rd1 89.
Qe3 90. Re7 91. Qc3 92. Rd4 93. Qc2 94. Rde4 95. Qf2 96. Qd5 97. Qg3 98. R4e5
99. Rd3 100. Qc6 101. Rd8+ 102. Kh7 103. Qd3+ 104. Re4 105. Rd5 106. Qg6 107.
Qf3 108. Re3 109. Qf5 110. Rxb3 111. Qxg6+ 112. Kxg6 113. Rxc5 114. Rb2 115. Rc6+
116. f6 117. Rc3 118. h5 119. Rg3+ 120. Kh6 121. Rc1 122. Rb6 123. Kh2 124. f5
125. Rc8 126. g6 127. Rg8 128. h4 129. Rc3 130. Re1 131. Rc4 132. Kg5 133. Rh8
134. Rb2 135. Rhxh4 136. Ree2 137. Rhd4 138. Rxg2+ 139. Kh1 140. Rg3 141. h4+
142. Kh5 143. Rc8 144. Kh6 145. Rh8+ 146. Kg7 147. Rhd8 148. Rc3 149. R4d7+ 150.
Kf6 151. Rd6+ 152. Ke5 153. Rxg6 154. Rc1+ 155. Rg1 156. Rcc2 157. Re8+ 158. Kf6
159. Rf8+ 160. Ke7 161. Rgg8 162. Rc1+ 163. Rg1 164. Rxg1+ 165. Kxg1 166. Kxf8
0-1

[Event "Superliga w Szachach Szybkich"]
[Site "Wroclaw, Katowice, Krakow, Poznan"]
[Date "2023-10-17"]
[Round "14.1"]
[White "Brodowski, Piotr"]
[Black "Volokitin, Andrei"]
[Result "1-0"]
[WhiteTitle "IM"]
[BlackTitle "GM"]
[WhiteElo "2367"]
[BlackElo "2626"]

1. Nf3 2. c5 3. c4 4. Nf6 5. Nc3 6. Nc6 7. g3 8. d5 9. cxd5 10. Nxd5 11. Bg2 12.
Nc7 13. a3 14. g6 15. b4 16. cxb4 17. axb4 18. Bg7 19. Ba3 20. O-O 21. b5 22.
Bxc3 23. bxc6 24. Bxa1 25. Qxa1 26. Nb5 27. Bc5 28. bxc6 29. Ne5 30. Bb7 31. h4
32. f6 33. h5 34. fxe5 35. Qxe5 36. Qe8 37. Be4 38. Qf7 39. hxg6 40. Qf6 41. gxh7+
42. Kh8 43. d4 44. Qxe5 45. dxe5 46. Rf7 47. f4 48. a5 49. e3 50. a4 51. Kd2 52.
a3 53. e6 54. Rg7 55. Bd3 56. a2 57. Ra1 58. Rxg3 59. Bxe7 60. Rg2+ 61. Ke1 62.
Rg1+ 63. Kf2 64. Rg7 65. Bf6 66. Nd6 67. Rg1 68. Ne8 69. Ba1 70. c5 71. f5 72.
Rd8 73. f6 74. Rxd3 75. f7 76. Rd2+ 77. Ke1 78. Kxh7 79. Rxg7+ 80. Nxg7 81. f8=Q
82. Rg2 83. Qf6 84. Rg6 85. Qe5 86. Nxe6 87. Qh5+ 1-0

[Event "Superliga w Szachach Szybkich"]
[Site "Wroclaw, Katowice, Krakow, Poznan"]
[Date "2023-10-17"]
[Round "14.2"]
[White "Moranda, Wojciech"]
[Black "Licznerski, Lukasz"]
[Result "1-0"]
[WhiteTitle "GM"]
[BlackTitle "IM"]
[WhiteElo "2562"]
[BlackElo "2423"]

1. d4 2. Nf6 3. c4 4. e6 5. Nf3 6. b6 7. g3 8. Ba6 9. Qc2 10. c5 11. d5 12. exd5
13. cxd5 14. Bb7 15. Bg2 16. Nxd5 17. O-O 18. Be7 19. Rd1 20. Nc6 21. Qf5 22.
Nf6 23. e4 24. g6 25. Qf4 26. O-O 27. e5 28. Nh5 29. Qg4 30. Nd4 31. Nxd4 32.
Bxg2 33. Kxg2 34. cxd4 35. Qxd4 36. Bc5 37. Qd5 38. Qe7 39. Nd2 40. d6 41. Ne4
42. Qxe5 43. Qxe5 44. dxe5 45. Nxc5 46. bxc5 47. Be3 48. c4 49. Rac1 50. Rfc8
51. Rd5 52. Nf6 53. Rxe5 54. Ng4 55. Re4 56. Nxe3+ 57. Rxe3 58. Rcb8 59. Re2 60.
Rb4 61. a3 62. Ra4 63. Rc3 64. Rb8 65. Kf3 66. Rb5 67. Ke4 68. Rb8 69. Rec2 70.
Kg7 71. Kd4 72. Rd8+ 73. Kc5 74. Ra5+ 75. Kxc4 76. Rf5 77. b4 78. g5 79. b5 80.
Rd1 81. a4 82. Rf1 83. Kb4 84. Rb1+ 85. Ka5 86. Rd5 87. Ka6 88. Ra1 89. Rc4 90.
Kg6 91. h4 92. h6 93. hxg5 94. hxg5 95. g4 96. f6 97. Re4 98. Ra3 99. Rc7 100.
Re5 101. Rd4 102. Ra2 103. Rxa7 104. Rxf2 105. Rdd7 106. Re6+ 107. b6 108. f5
109. Rg7+ 110. Kf6 111. Raf7+ 112. Ke5 113. Rxf5+ 114. Rxf5 115. gxf5 116. Kxf5
117. a5 1-0

[Event "Superliga w Szachach Szybkich"]
[Site "Wroclaw, Katowice, Krakow, Poznan"]
[Date "2023-10-17"]
[Round "14.3"]
[White "Sieciechowicz, Marcin"]
[Black "Kowalczyk, Pawel"]
[Result "1-0"]
[WhiteTitle "IM"]
[BlackTitle "m"]
[WhiteElo "2329"]
[BlackElo "2251"]

1. d4 2. Nf6 3. c4 4. c5 5. d5 6. e6 7. Nc3 8. exd5 9. cxd5 10. d6 11. e4 12. g6
13. f4 14. Qe7 15. Qe2 16. Bg4 17. Nf3 18. Nbd7 19. Nb5 20. Bxf3 21. gxf3 22.
Kd8 23. Bd2 24. a6 25. Na3 26. Bh6 27. Nc4 28. Nh5 29. e5 30. Nxf4 31. Bxf4 32.
Bxf4 33. e6 34. Re8 35. Kd1 36. fxe6 37. dxe6 38. Qf6 39. Bh3 40. Qd4+ 41. Kc2
42. b5 43. Na5 44. Qa4+ 45. Kb1 46. Kc7 47. Nb3 48. Nb6 49. Rd1 50. Qc4 51. Rd3
52. Nd5 53. Nd2 54. Bxd2 55. Qxd2 56. Nf4 57. Rc3 58. Qxc3 59. Qxc3 60. Nxh3 61.
a4 62. b4 63. Qg7+ 64. Kc6 65. Qd7+ 66. Kd5 67. e7 68. Nf4 69. Ka2 70. Nd3 71.
Rd1 72. b3+ 73. Kxb3 74. Rab8+ 75. Kc3 76. c4 77. b4 78. Ke5 79. Rd2 80. Kf6 81.
Qxd6+ 82. Kf7 83. Re2 84. Nxb4 85. Qe6+ 86. Kg7 87. Qe5+ 88. Kf7 89. Qf4+ 90.
Kg7 91. Qxb8 92. Nd5+ 93. Kxc4 1-0

[Event "Superliga w Szachach Szybkich"]
[Site "Wroclaw, Katowice, Krakow, Poznan"]
[Date "2023-10-17"]
[Round "14.4"]
[White "Maltsevskaya, Aleksandra"]
[Black "Kulon, Klaudia"]
[Result "1-0"]
[WhiteTitle "IM"]
[BlackTitle "IM"]
[WhiteElo "2348"]
[BlackElo "2271"]

1. e4 2. d5 3. exd5 4. Qxd5 5. Nc3 6. Qd8 7. Nf3 8. Nf6 9. g3 10. g6 11. Bg2 12.
Bg7 13. O-O 14. O-O 15. d4 16. Nc6 17. h3 18. e6 19. Re1 20. Ne7 21. Qd3 22. Rb8
23. Bf4 24. h6 25. Rad1 26. a6 27. Be5 28. b5 29. Bxf6 30. Bxf6 31. Ne4 32. Bg7
33. Nc5 34. Qd6 35. Ne5 36. Nf5 37. c3 38. Rb6 39. b4 40. Qe7 41. a4 42. Kh7 43.
h4 44. h5 45. Qe2 46. Qe8 47. Ra1 48. f6 49. Ned3 50. Rd6 51. axb5 52. axb5 53.
Ra7 54. Rf7 55. Nf4 56. e5 57. Nd5 58. c6 59. Rxf7 60. Qxf7 61. dxe5 62. Rxd5
63. Bxd5 64. Qxd5 65. e6 66. Bf8 67. Rd1 68. Qe5 69. Qxe5 70. fxe5 71. Rd8 72.
Bxc5 73. Rxc8 74. Be7 75. Rxc6 76. Kg7 77. c4 78. bxc4 79. b5 80. Kf6 81. b6 82.
Nd6 83. Kf1 84. e4 85. Ke2 86. Ke5 87. Rxc4 88. Kxe6 89. Rc6 90. Kd7 91. Rc7+
92. Kd8 93. Ke3 94. Nc8 95. Rc6 96. Bd6 97. b7 98. Ne7 99. Rxd6+ 1-0

[Event "Superliga w Szachach Szybkich"]
[Site "Wroclaw, Katowice, Krakow, Poznan"]
[Date "2023-10-17"]
[Round "14.5"]
[White "Pechac, Jergus"]
[Black "Dragun, Kamil"]
[Result "1-0"]
[WhiteTitle "GM"]
[BlackTitle "GM"]
[WhiteElo "2548"]
[BlackElo "2553"]

1. e4 2. c5 3. Nf3 4. e6 5. d4 6. cxd4 7. Nxd4 8. Nc6 9. Nc3 10. Qc7 11. a3 12.
a6 13. Be3 14. b5 15. Nxc6 16. Qxc6 17. Qd2 18. Bb7 19. Bd3 20. Rc8 21. O-O-O
22. Nf6 23. e5 24. Nd5 25. Be4 26. Bxa3 27. Nxd5 28. exd5 29. Bxd5 30. Qxd5 31.
Qxd5 32. Bxd5 33. Rxd5 34. Be7 35. c3 36. g5 37. Kc2 38. Rg8 39. g3 40. h5 41.
Rhd1 42. Rc7 43. Kd3 44. Rg6 45. Ke4 46. Re6 47. f4 48. gxf4 49. gxf4 50. Rg6
51. Kf3 52. Rg8 53. f5 54. f6 55. exf6 56. Bxf6 57. Rd6 58. Be5 59. Rxa6 60. Kf7
61. Rh6 62. Bxh2 63. Bb6 64. Rb7 65. Bd4 66. Rg3+ 67. Ke4 68. Rg5 69. Rh1 70.
d5+ 71. Kd3 72. Rg3+ 73. Kc2 74. Rg2+ 75. Kb3 76. Re7 77. Rxh5 78. Ree2 79. Kb4
80. Bd6+ 81. Kxb5 82. Rxb2+ 83. Kc6 84. Bh2 85. Kxd5 86. Ra2 87. Rh3 88. Ra5+
89. Kc4 90. Raa2 91. Rh7+ 92. Kg8 93. Rb7 94. Ra4+ 95. Kb3 96. Raa2 97. Rd7 98.
Rgb2+ 99. Kc4 100. Ra4+ 101. Kd3 102. Rg2 103. f6 1-0